One Piece Season Titles Quiz - Statistics

General Stats
  • This quiz has been taken 61 times
  • The average score is 13 of 21
Answer Stats
Season Answer % Correct
1 East Blue
91%
4 Arrival & Fierce Fighting in Alabasta
88%
9 Enies Lobby
84%
6 Sky Island ~ Skypiea & The Golden Bell
81%
14 Marineford
79%
19 Whole Cake Island
79%
21 Egghead
77%
13 Impel Down
74%
16 Punk Hazard
74%
10 Thriller Bark
72%
17 Dressrosa
70%
15 Fishman Island
70%
18 Zou
67%
8 Water Seven
65%
12 Island of Women
63%
20 Wano Country
63%
11 Sabaody Archipelago
47%
2 Entering into the Grand Line
37%
7 Escape! The Marine Fortress & The Foxy Pirate Crew
23%
3 Introducing Chopper at the Winter Island
19%
5 Dreams!, The Zenny Pirate Crew Sortie!, Beyond the Rainbow
7%
No matching quizzes found
Score Distribution
Percent of People with Each Score
Percentile by Number Answered
Your Score History
You have not taken this quiz